| 000 | 00499nam a22001697a 4500 | ||
|---|---|---|---|
| 003 | BD-ChCU | ||
| 005 | 20251106102342.0 | ||
| 008 | 251023b us ||||| |||| 00| 0 eng d | ||
| 040 | _cBD-ChCU | ||
| 082 | _a658.85 WHF | ||
| 100 |
_aShiting, Percy H. _915579 |
||
| 245 |
_aThe five great problems of salesmen and how to solve them / _cPercy H. Shiting |
||
| 260 |
_aNew York : _bMcGraw - hill, _cc1964 |
||
| 300 | _axii , 291p | ||
| 650 | 0 |
_aSalesmen and Salesmanship _914494 |
|
| 942 |
_2ddc _cBK _n0 |
||
| 999 |
_c108670 _d108670 |
||